000 02636cam a2200541M 4500
001 9781003385523
003 FlBoTFG
005 20250124160954.0
006 m o d
007 cr |n|||||||||
008 230220s2023 xx o 0|| 0 eng d
040 _aKO
_beng
040 _aOCoLC-P
_beng
_cOCoLC-P
020 _a9781000876048
_q(electronic bk.)
020 _a1000876047
_q(electronic bk.)
020 _a9781003385523
_q(electronic bk.)
020 _a1003385524
_q(electronic bk.)
020 _a9781000876062
_q(electronic bk. : EPUB)
020 _a1000876063
_q(electronic bk. : EPUB)
020 _z1032473053
020 _z9781032473055
020 _z9781032473024
024 7 _a10.1201/9781003385523
_2doi
041 0 _aeng
072 7 _aTRA
_x006000
_2bisacsh
072 7 _aTEC
_x045000
_2bisacsh
072 7 _aKNGS
_2bicssc
082 0 4 _a623.8886
_223/eng/20230222
100 1 _aOlsen, Alexander Arnfinn.
245 1 0 _aFIREFIGHTING AND FIRE SAFETY SYSTEMS ON SHIPS
_h[electronic resource].
260 _a[S.l.] :
_bROUTLEDGE,
_c2023.
300 _a1 online resource
336 _atext
_btxt
_2rdacontent
337 _acomputer
_bc
_2rdamedia
338 _aonline resource
_bcr
_2rdacarrier
520 _aThis accessible reference introduces firefighting and fire safety systems on ships and is written in line with the IACS Classification Rules for Firefighting Systems. It covers the design, construction, use and maintenance of firefighting and fire safety systems, with cross references to the American Bureau of Shipping rules and various Classification Society regulations which pertain to specific Classification Society rules. Focuses on basic principles in line with current practice Aimed at non-specialists The book suits professional seafarers, students, and cadets, as well as leisure sailors and professionals involved in the logistics industry. It is also particularly useful for naval architects, ship designers, and engineers who need to interpret the Class rules when developing shipboard firefighting systems.
588 _aOCLC-licensed vendor bibliographic record.
650 0 _aShips
_xFires and fire prevention.
650 0 _aFire extinction.
650 0 _aFire protection engineering.
650 7 _aTRANSPORTATION / Ships & Shipbuilding / General
_2bisacsh
650 7 _aTECHNOLOGY / Fire Science
_2bisacsh
856 4 0 _3Taylor & Francis
_uhttps://www.taylorfrancis.com/books/9781003385523
856 4 2 _3OCLC metadata license agreement
_uhttp://www.oclc.org/content/dam/oclc/forms/terms/vbrl-201703.pdf
904 _aRUDRA_R
905 _aR_RANJAN
942 _cEB
999 _c3047
_d3047